[Event "Quebec op"]
[Site "Montreal"]
[Date "2011.07.25"]
[Round "4"]
[White "Beladel, Brahim"]
[Black "Lebeau, Gilbert"]
[Result "1/2-1/2"]
[WhiteElo "1693"]
[BlackElo "2052"]
[PlyCount "212"]
[EventDate "2011.07.23"]
[EventType "swiss"]
[EventRounds "9"]
[EventCountry "CAN"]
[SourceTitle "EXT 2022"]
[Source "ChessBase"]
[SourceDate "2021.10.06"]
[SourceVersion "1"]
[SourceVersionDate "2021.10.06"]
[SourceQuality "1"]

1. e4 c5 2. Nf3 d6 3. Bb5+ Bd7 4. Bxd7+ Nxd7 5. 0-0 e6 6. c4 Ne7 7. Nc3 Nc6 8. d4 cxd4 9. Nxd4 Be7 10. Be3 0-0 11. Qd2 a6 12. f4 Qc7 13. b3 Rad8 14. Kh1 Nf6 15. Rad1 Rd7 16. f5 Nxd4 17. Bxd4 Rc8 18. fxe6 fxe6 19. Qe3 Qc6 20. Qh3 d5 21. exd5 exd5 22. Bxf6 Bxf6 23. Nxd5 Rcd8 24. Qg4 Kh8 25. Nxf6 Qxf6 26. h3 Rxd1 27. Rxd1 Re8 28. Qd7 Qg6 29. Rd6 Qe4 30. Rd1 h6 31. Qd4 Qe2 32. Rd2 Qe1+ 33. Kh2 Re3 34. Rd1 Qg3+ 35. Kh1 h5 36. Rf1 h4 37. Qf4 Re1 38. Qf8+ Kh7 39. Qf5+ Kh6 40. Kg1 Re2 41. Qf4+ Kg6 42. Qf5+ Kh6 43. Qd5 b6 44. b4 Qe3+ 45. Kh1 Re1 46. Qd6+ Kg5 47. Rxe1 Qxe1+ 48. Kh2 Qc3 49. Qe7+ Kh5 50. Qf7+ Kg5 51. Qd5+ Kg6 52. Qe4+ Kf7 53. Qxh4 Qxb4 54. Qf4+ Kg8 55. Qd4 b5 56. Qd8+ Kh7 57. Qd3+ g6 58. cxb5 axb5 59. a3 Qc4 60. Qe3 Qd5 61. g4 Qd6+ 62. Kg2 Qd5+ 63. Kf2 Qa2+ 64. Kg3 Qd5 65. Qe7+ Kg8 66. Kf4 Qd2+ 67. Ke5 Qc3+ 68. Ke6 Qe1+ 69. Kf6 Qh4+ 70. g5 Qd4+ 71. Kxg6 Qd3+ 72. Kf6 Qf3+ 73. Ke5 Qe3+ 74. Kf6 Qc3+ 75. Ke6 Qxh3+ 76. Kd5 Qd3+ 77. Kc6 Qf3+ 78. Kxb5 Qd3+ 79. Kc6 Qa6+ 80. Kd5 Qd3+ 81. Ke6 Qe3+ 82. Kf6 Qf3+ 83. Ke6 Qe3+ 84. Kd7 Qa7+ 85. Ke6 Qe3+ 86. Kf6 Qf3+ 87. Kg6 Qd3+ 88. Kh5 Qh3+ 89. Kg6 Qd3+ 90. Kf6 Qf3+ 91. Ke6 Qe3+ 92. Kd7 Qa7+ 93. Ke8 Qa4+ 94. Kd8 Qa8+ 95. Kd7 Qa7+ 96. Ke8 Qa4+ 97. Qd7 Qe4+ 98. Kd8 Qa8+ 99. Kc7 Qa5+ 100. Kb7 Qxa3 101. Qe6+ Kh8 102. Qf6+ Kg8 103. Qe6+ Kh8 104. g6 Qf3+ 105. Kc7 Kg7 106. Qd6 Qf6 1/2-1/2

[Event "Montreal Mercredi 02"]
[Site "Montreal"]
[Date "2008.03.13"]
[Round "5"]
[White "Beladel, Brahim"]
[Black "Gauthier, Luc"]
[Result "1/2-1/2"]
[WhiteElo "1691"]
[BlackElo "1804"]
[PlyCount "106"]
[EventDate "2008.02.20"]
[EventType "tourn"]
[EventRounds "5"]
[EventCountry "CAN"]
[SourceTitle "EXT 2011"]
[Source "ChessBase"]
[SourceDate "2010.11.26"]
[SourceVersion "1"]
[SourceVersionDate "2010.11.26"]
[SourceQuality "1"]

1. c4 e6 2. Nc3 d5 3. d4 c5 4. cxd5 exd5 5. Nf3 Nc6 6. g3 Nf6 7. Bg2 Be7 8. dxc5 Bxc5 9. Bg5 d4 10. Ne4 Be7 11. Bxf6 Bxf6 12. Nxf6+ Qxf6 13. 0-0 0-0 14. h4 h6 15. Rc1 Bf5 16. Qb3 Qe7 17. Rfe1 Rfd8 18. Qb5 Be6 19. a3 a6 20. Qd3 Qd7 21. Qe4 Bd5 22. Qf4 Qe6 23. Kh2 Qe4 24. Qxe4 Bxe4 25. Red1 d3 26. exd3 Rxd3 27. Rxd3 Bxd3 28. Ne1 Rd8 29. Bxc6 bxc6 30. Nxd3 Rxd3 31. Rxc6 Rd2 32. b4 Rxf2+ 33. Kg1 Rf3 34. Rxa6 Rxg3+ 35. Kh2 Rb3 36. Ra8+ Kh7 37. Ra5 g6 38. b5 g5 39. hxg5 hxg5 40. a4 f5 41. Ra7+ Kg8 42. Rb7 f4 43. a5 g4 44. a6 Rb2+ 45. Kg1 Rb1+ 46. Kf2 g3+ 47. Kf3 Rf1+ 48. Kg2 Rf2+ 49. Kg1 f3 50. Rb8+ Kg7 51. Rb7+ Kf8 52. Rb8+ Kf7 53. Rb7+ Kf8 1/2-1/2

[Event "Montreal Mercredi 02"]
[Site "Montreal"]
[Date "2008.03.12"]
[Round "4"]
[White "Giroux, Robert"]
[Black "Beladel, Brahim"]
[Result "1-0"]
[WhiteElo "1949"]
[BlackElo "1691"]
[PlyCount "99"]
[EventDate "2008.02.20"]
[EventType "tourn"]
[EventRounds "5"]
[EventCountry "CAN"]
[SourceTitle "EXT 2011"]
[Source "ChessBase"]
[SourceDate "2010.11.26"]
[SourceVersion "1"]
[SourceVersionDate "2010.11.26"]
[SourceQuality "1"]

1. e4 e5 2. Nf3 Nc6 3. d4 exd4 4. Bc4 Be7 5. c3 d6 6. cxd4 Nf6 7. Bd3 Bg4 8. Be3 0-0 9. Nc3 Rc8 10. a3 Bh5 11. h3 Bg6 12. 0-0 h6 13. Re1 a6 14. e5 dxe5 15. Bxg6 fxg6 16. Qb3+ Kh7 17. dxe5 Nd7 18. Rad1 Qe8 19. Qxb7 Ndxe5 20. Nxe5 Nxe5 21. Qe4 Bd6 22. Rd5 Nc6 23. Qxe8 Rcxe8 24. Red1 Re6 25. Bc5 Rf5 26. Bxd6 Rxd5 27. Rxd5 Rxd6 28. Rxd6 cxd6 29. Ne4 d5 30. Nc5 a5 31. Kf1 Kg8 32. Ke2 Kf7 33. Kd3 Ke7 34. Kc3 Kd6 35. b4 axb4+ 36. axb4 g5 37. Nb7+ Kc7 38. Na5 Na7 39. Kd4 Kd6 40. Nb7+ Kc7 41. Nc5 Kd6 42. Kd3 Nb5 43. Nb3 Ke5 44. g3 h5 45. Nc5 Kf5 46. Nb3 Ke5 47. Nc5 h4 48. Ke3 d4+ 49. Kf3 hxg3 50. fxg3 1-0

[Event "Montreal Mercredi 04"]
[Site "Montreal"]
[Date "2007.04.04"]
[Round "1"]
[White "Cote, Philippe"]
[Black "Beladel, Brahim"]
[Result "0-1"]
[WhiteElo "1617"]
[BlackElo "1662"]
[PlyCount "73"]
[EventDate "2007.04.04"]
[EventType "swiss"]
[EventRounds "5"]
[EventCountry "CAN"]
[SourceTitle "EXT 2022"]
[Source "ChessBase"]
[SourceDate "2021.10.06"]
[SourceVersion "1"]
[SourceVersionDate "2021.10.06"]
[SourceQuality "1"]

1. e4 c6 2. d4 d5 3. Nc3 dxe4 4. Nxe4 Bf5 5. Qf3 e6 6. Bd3 Qxd4 7. Ne2 Bxe4 8. Bxe4 Qd8 9. 0-0 Bd6 10. Qg4 Nf6 11. Qxg7 Rg8 12. Qh6 Nxe4 13. Qxh7 Nf6 14. Qh3 Qc7 15. Nd4 Nbd7 16. Nxe6 fxe6 17. Qxe6+ Be7 18. Re1 0-0-0 19. Bd2 Bd6 20. Bc3 Bxh2+ 21. Kf1 Kb8 22. Bxf6 Nxf6 23. Qxf6 Rdf8 24. Qe7 Qb6 25. Qe3 Qa6+ 26. Qe2 Qb6 27. Qe3 Qb5+ 28. Qd3 Qg5 29. Qh3 Rh8 30. Qd7 Qf6 31. f3 Rd8 32. Qe7 Qd4 33. Qe3 Qc4+ 34. Qe2 Qh4 35. Rad1 Bg3 36. Rxd8+ Rxd8 37. Qe7 0-1